[Event "WYB16"]
[Site "Oropesa del Mar ESP"]
[Date "2001.10.22"]
[Round "2"]
[White "Grachev,B"]
[Black "Papa,S"]
[Result "1/2-1/2"]
[WhiteElo "2410"]
[BlackElo "2251"]

1.d4 d5 2.c4 c6 3.Nf3 Nf6 4.Nc3 e6 5.e3 Nbd7 6.Qc2 Bd6 7.b3 O-O 8.Bb2 Re8
9.Bd3 e5 10.cxd5 cxd5 11.dxe5 Nxe5 12.Nd4 Bd7 13.O-O Rc8 14.Rac1 Bc5 15.Be2 Bxd4
16.exd4 Ng6 17.Qd2 Qe7 18.Rfe1 Ne4 19.Nxe4 Qxe4 20.Bf3 Qf4 21.Re3 Be6 22.g3 Qd6
23.h4 Rxc1+ 24.Qxc1 Qd7 25.Ba3 Rc8 26.Rc3 Rxc3 27.Qxc3 h6 28.Qb4 f6 29.Qa4 b6  1/2-1/2

[Event "WYG16"]
[Site "Oropesa del Mar ESP"]
[Date "2001.10.23"]
[Round "3"]
[White "Worek,J"]
[Black "Le Thanh Tu"]
[Result "1-0"]
[WhiteElo "2203"]
[BlackElo "2290"]

1.d4 d5 2.c4 e6 3.Nc3 c6 4.e3 Nf6 5.Nf3 Nbd7 6.Qc2 Bd6 7.Be2 O-O 8.O-O b6
9.e4 dxe4 10.Nxe4 Be7 11.Bf4 Nxe4 12.Qxe4 Bb7 13.Rad1 Qc8 14.Bd3 Nf6 15.Qe2 Re8
16.Bb1 c5 17.Be5 Bc6 18.Ng5 h6 19.Ne4 Nxe4 20.Bxe4 Bxe4 21.Qxe4 cxd4 22.Rxd4 Qc5
23.Rd7 Rec8 24.b3 Bf6 25.Bxf6 gxf6 26.Rfd1 Qf8 27.Qd4 f5 28.Rd3 f4 29.Qxf4 Rc5
30.Rg3+ Rg5 31.Rxg5+ hxg5 32.Qxg5+ Kh7 33.Rd3  1-0

[Event "WYB18"]
[Site "Oropesa del Mar ESP"]
[Date "2001.10.23"]
[Round "3"]
[White "Govciyan,P"]
[Black "Mastrovasilis,D"]
[Result "0-1"]
[WhiteElo "2229"]
[BlackElo "2426"]

1.d4 d5 2.Nf3 c6 3.c4 Nf6 4.Nc3 e6 5.e3 Nbd7 6.Qc2 Bd6 7.Bd3 O-O 8.O-O dxc4
9.Bxc4 b5 10.Bd3 Bb7 11.a3 a6 12.b4 a5 13.Rb1 Qe7 14.Qb3 axb4 15.axb4 Nd5
16.Nxd5 exd5 17.e4 dxe4 18.Re1 Nf6 19.Bg5 Qd7 20.Bxf6 exd3 21.Be5 Bxe5 22.Rxe5 c5
23.Rxc5 Be4 24.Rd1 Qg4 25.h3 Qg6 26.Rg5 Qh6 27.Rg3 Rac8 28.Ne5 Rc1 29.Nxd3 Bd5
30.Qxd5 Rxd1+ 31.Kh2 Qf6 32.Rf3 Qd8 33.Qb3 Qc7+ 34.g3 Rd2 35.Nc5 Qe7 36.Qc3 Qe1
37.Nd3 Qd1 38.Kg2 Ra2 39.Re3 Re2 40.Rf3 Ra2 41.Re3 Re2 42.Rf3 h6 43.Qc6 Ra2
44.Re3 Re2 45.Rf3 Qa1 46.Qd5 Qa8 47.Qxb5 Rd2 48.Qc4 Rd1 49.Ne5 Qb7 50.Ng6 Re8
51.Ne5 Rc8 52.Qb3 Rcc1 53.g4 Rg1+ 54.Kh2 Rh1+ 55.Kg3 Rhg1+ 56.Kh2 Rh1+ 57.Kg3 Rcg1+
58.Kh4 Qe7+  0-1

[Event "27th Open"]
[Site "Guernsey GCI"]
[Date "2001.10.26"]
[Round "6"]
[White "Van Voorthuijsen,PW"]
[Black "Hawes,J"]
[Result "1-0"]
[WhiteElo "2319"]
[BlackElo "2134"]

1.d4 d5 2.c4 e6 3.Nf3 c6 4.e3 Nf6 5.Nc3 Nbd7 6.Qc2 Bd6 7.Bd3 O-O 8.O-O e5
9.cxd5 cxd5 10.e4 dxe4 11.Nxe4 Nxe4 12.Bxe4 h6 13.Be3 exd4 14.Bxd4 Nf6 15.Bf5 Qa5
16.Bxc8 Rfxc8 17.Qb3 Qd5 18.Bxf6 Qxb3 19.axb3 gxf6 20.Rad1 Be5 21.Nxe5 fxe5
22.Rd7 Rc2 23.Rxb7 Rac8 24.Rxa7 Rxb2 25.Re7 f6 26.g3 Rxb3 27.Ra1 e4 28.Rxe4 Rb7
29.Ra6 Rf8 30.Kg2 Rg7 31.Ree6 Rgf7 32.Kh3 Kg7 33.Re4 h5 34.Kh4 Rh8 35.Rea4 Kg6
36.R4a5 Rfh7 37.Rb5 Rh6 38.f4 Kf7 39.Rb7+ Kg6 40.Rb5 Kf7 41.Raa5  1-0

[Event "Chigorin Mem Open"]
[Site "St Petersburg RUS"]
[Date "2001.10.26"]
[Round "1"]
[White "Feoktistov,A"]
[Black "Burmakin,V"]
[Result "1/2-1/2"]
[WhiteElo "2363"]
[BlackElo "2586"]

1.d4 d5 2.c4 e6 3.Nc3 c6 4.e3 Nf6 5.Nf3 Nbd7 6.Qc2 Bd6 7.Bd3 O-O 8.O-O Qe7
9.e4 dxc4 10.Bxc4 e5 11.Be3 b5 12.Bd3 Bb7 13.h3 Rfe8 14.Rfe1 Nh5 15.d5 a6
16.a4 cxd5 17.exd5 b4 18.Bxh7+ Kh8 19.Ne4 g6 20.Nfg5 Bxd5 21.Rad1 b3 22.Qd2 Bxe4
23.Qxd6 Bc2 24.Qxd7 Bxd1 25.Qxd1 Nf6 26.Qxb3 Rab8 27.Qc4 Kg7 28.Qh4 Nh5 29.g4 Rb4
30.Bd2 Rc4 31.b3 Rd4 32.Bc3 Red8 33.Bxd4 Rxd4 34.Kh2 Qf6 35.Re3 Rf4 36.f3 Rd4
37.Re4 Rd2+ 38.Kh1 Rd1+ 39.Re1 Rxe1+ 40.Qxe1 Qxg5 41.Bxg6 fxg6 42.gxh5 gxh5
43.h4 Qf5 44.Kg2 Qc2+ 45.Kg3 Qg6+ 46.Kf2 Qc2+ 47.Kg3  1/2-1/2

[Event "Chigorin Mem Open"]
[Site "St Petersburg RUS"]
[Date "2001.10.27"]
[Round "2"]
[White "Lysyj,I"]
[Black "Dobrov,V"]
[Result "1/2-1/2"]
[WhiteElo "2314"]
[BlackElo "2436"]

1.d4 d5 2.Nf3 Nf6 3.c4 c6 4.Nc3 e6 5.e3 Nbd7 6.Qc2 Bd6 7.b3 O-O 8.Be2 b6
9.O-O Re8 10.e4 Nxe4 11.Nxe4 dxe4 12.Qxe4 Bb7 13.Bf4 Nf6 14.Qe3 Ng4 15.Qd2 c5
16.Rad1 Qc7 17.Bxd6 Qxd6 18.dxc5 Qxc5 19.Qd6 Qa5 20.Qd2 Qxd2 21.Rxd2 Rad8
22.Rfd1 Rxd2 23.Rxd2 Bxf3 24.Bxf3 Ne5 25.Be2 g5 26.f3 Kf8 27.Kf2 Ke7 28.Ke3 h6
29.f4 Ng6 30.g3 gxf4+ 31.gxf4 Nh4 32.Bd3 Rg8 33.Be4 a5 34.Rd1 h5 35.a3 Rc8
36.Kf2 f5 37.Bf3 Nxf3 38.Kxf3 a4 39.Rb1 axb3 40.Rxb3 Rxc4 41.Rxb6 Rc3+ 42.Kg2 Rxa3
43.Rb7+ Kf6 44.Rh7 Kg6 45.Re7 h4 46.Rxe6+ Kh5 47.h3 Rg3+ 48.Kh2 Rf3 49.Re8 Rf2+
50.Kg1 Rxf4 51.Rh8+ Kg5 52.Rg8+ Kf6 53.Rf8+ Kg7 54.Ra8 Rf3 55.Kg2 Rg3+ 56.Kh2 Kf6
57.Rh8 Kg5 58.Rg8+ Kf4 59.Rh8 Kf3 60.Rxh4 Rg2+ 61.Kh1 Rd2 62.Ra4 f4 63.Ra3+ Kf2
64.Kh2 Re2 65.Rb3 Kf1+ 66.Kh1 Re3 67.Rb1+ Re1 68.Rb3 Kf2+ 69.Kh2 Re3 70.Rb2+ Re2
71.Rb3 Rd2 72.Ra3 Rb2 73.Rc3 f3 74.Rc1 Re2 75.Ra1 Re8 76.Ra2+ Re2 77.Ra1 Ke3+
78.Kg1 Rg2+ 79.Kf1 Rh2 80.Ra3+ Kf4 81.Ra8 Rh1+ 82.Kf2 Rh2+ 83.Kf1 Rh1+ 84.Kf2 Rh2+  1/2-1/2

[Event "WYB18"]
[Site "Oropesa del Mar ESP"]
[Date "2001.10.28"]
[Round "7"]
[White "Djukic,Ni"]
[Black "Mastrovasilis,D"]
[Result "0-1"]
[WhiteElo "2348"]
[BlackElo "2426"]

1.d4 d5 2.c4 c6 3.Nc3 e6 4.e3 Nf6 5.Nf3 Nbd7 6.Qc2 Bd6 7.g4 h6 8.Bd2 Qe7
9.Rg1 e5 10.cxd5 cxd5 11.Nb5 e4 12.Nh4 Nb6 13.Nxd6+ Qxd6 14.Bb5+ Bd7 15.Nf5 Qxh2
16.Bxd7+ Kxd7 17.Ke2 g6 18.Ng3 Rac8 19.Qb3 Qh3 20.a4 Qxg4+ 21.Ke1 Rc7 22.Qb5+ Kc8
23.Bb4 Qd7 24.Qe2 Rc4 25.Qd2 Qc6 26.a5 Nbd7 27.Ne2 Kb8 28.Ba3 Rc8 29.Nc3 Nf8
30.Bc5 Ne6 31.b4 Ng5 32.Rxg5 hxg5 33.Qb2 Rh8 34.Ke2 Qd7 35.Rg1 Qf5 36.Nb5 Ng4
37.Ke1 Nxf2  0-1

[Event "Chigorin Mem Open"]
[Site "St Petersburg RUS"]
[Date "2001.10.29"]
[Round "4"]
[White "Yevseev,D"]
[Black "Dzhakaev,D"]
[Result "1-0"]
[WhiteElo "2541"]
[BlackElo "2401"]

1.d4 d5 2.c4 c6 3.Nf3 Nf6 4.Nc3 e6 5.e3 a6 6.b3 Bb4 7.Bd2 Nbd7 8.Bd3 O-O
9.O-O Bd6 10.Qc2 e5 11.cxd5 cxd5 12.e4 exd4 13.Nxd5 Nxd5 14.exd5 Nf6 15.Rae1 h6
16.Nxd4 Nxd5 17.Bc4 Nb6 18.Ba5 Bc7 19.Bxb6 Bxb6 20.Nf5 Bd4 21.Ne7+ Kh8 22.Qe4 Qb6
23.Nd5 Qa7 24.Rd1 Bc5 25.Nf4 b5 26.Bd3 g6 27.Qe5+ Kg8 28.Nd5 Bd4 29.Ne7+ Kh7
30.Bxg6+ fxg6 31.Rxd4 Re8 32.Re1 Bf5 33.g4 Bc2 34.Rf4 Rf8 35.Nd5 Qg7 36.Qxg7+ Kxg7
37.Re7+ Kh8 38.Rxf8+ Rxf8 39.h4 a5 40.g5 hxg5 41.hxg5 Rf5 42.Nf6 Rxg5+ 43.Kh2  1-0

[Event "Chigorin Mem Open"]
[Site "St Petersburg RUS"]
[Date "2001.10.29"]
[Round "4"]
[White "Kornev,Alexe"]
[Black "Orlov,An"]
[Result "1-0"]
[WhiteElo "2518"]
[BlackElo "2378"]

1.Nf3 Nf6 2.c4 e6 3.Nc3 d5 4.d4 c6 5.e3 Nbd7 6.Bd3 Be7 7.e4 dxe4 8.Nxe4 Nxe4
9.Bxe4 Nf6 10.Bc2 b6 11.O-O Bb7 12.Bf4 O-O 13.Qe2 c5 14.Rad1 cxd4 15.Nxd4 Qc8
16.Be5 g6 17.Rfe1 Nd7 18.Bf4 Bf6 19.Nb5 Bc6 20.Nd6 Qc7 21.Bh6 Bg7 22.Bxg7 Kxg7
23.h4 h5 24.Qd3 Nf6 25.Qg3 Kg8 26.Qg5 Ne8 27.Bxg6 fxg6 28.Rxe6 Qh7 29.Rxg6+ Ng7
30.Nf5 Rxf5 31.Qxf5  1-0

[Event "WYB16"]
[Site "Oropesa del Mar ESP"]
[Date "2001.10.30"]
[Round "9"]
[White "Grachev,B"]
[Black "Alcazar Jimenez,V"]
[Result "1/2-1/2"]
[WhiteElo "2410"]
[BlackElo "2237"]

1.d4 d5 2.c4 c6 3.Nf3 Nf6 4.Nc3 e6 5.e3 Nbd7 6.Qc2 Bd6 7.b3 O-O 8.Bb2 e5
9.cxd5 cxd5 10.dxe5 Nxe5 11.Nd4 Qe7 12.Be2 Bd7 13.O-O Neg4 14.Bxg4 Nxg4 15.h3 Nf6
16.Rfd1 Rac8 17.Qd3 Rfd8 18.Ncb5 a6 19.Nxd6 Qxd6 20.Rac1 Ne4 21.Rxc8 Bxc8
22.Nf3 f6 23.Qd4 Be6 24.Ne1 Ng5 25.h4 Nf7 26.Nd3 Rc8 27.a4 Nd8 28.Nf4 Nc6
29.Qb6 Rb8 30.b4 Bf7 31.Bc3 Qd8 32.Qxd8+ Rxd8 33.b5  1/2-1/2

[Event "Chigorin Mem Open"]
[Site "St Petersburg RUS"]
[Date "2001.10.30"]
[Round "5"]
[White "Pushkov,N"]
[Black "Vitiugov,N"]
[Result "0-1"]
[WhiteElo "2541"]
[BlackElo "2382"]

1.d4 d5 2.c4 e6 3.Nf3 Nf6 4.Nc3 c6 5.e3 Nbd7 6.Qc2 Bd6 7.Bd3 O-O 8.O-O dxc4
9.Bxc4 a6 10.Rd1 Qe7 11.h3 c5 12.e4 b5 13.dxc5 Nxc5 14.Be2 Ncd7 15.Bg5 Ne5
16.Nd4 h6 17.Bh4 Ng6 18.Nc6 Qc7 19.Bxf6 gxf6 20.e5 Bxe5 21.Bf3 Bb7 22.Nxe5 fxe5
23.Bxb7 Qxb7 24.Ne4 Rad8 25.Nf6+ Kh8 26.g3 Qf3 27.Ng4 h5 28.Nh2 Qf5 29.Qxf5 exf5
30.Rac1 Kg7 31.h4 e4 32.Kf1 Ne5 33.Ke2 Rxd1 34.Rxd1 Rc8 35.Rd2 Rc1 36.Nf1 Nd3
37.Rd1 Rxd1 38.Kxd1 Nxf2+ 39.Kd2 Kf6 40.Ne3 Ke5 41.b3 f4  0-1

[Event "Chigorin Mem Open"]
[Site "St Petersburg RUS"]
[Date "2001.10.30"]
[Round "5"]
[White "Poluljahov,A"]
[Black "Shinkevich,V"]
[Result "1-0"]
[WhiteElo "2532"]
[BlackElo "2469"]

1.d4 d5 2.c4 c6 3.Nc3 Nf6 4.e3 e6 5.Nf3 Nbd7 6.Bd2 Bd6 7.Bd3 O-O 8.O-O dxc4
9.Bxc4 Qe7 10.Qc2 b5 11.Bd3 Bb7 12.e4 e5 13.Ne2 c5 14.Ng3 c4 15.Nf5 Qe6 16.d5 Qxf5
17.exf5 cxd3 18.Qxd3 e4 19.Qxb5 Nc5 20.b4 Ba6 21.Qa5 Bxf1 22.bxc5 Bd3 23.cxd6 exf3
24.Bg5 Nd7 25.g4 f6 26.Bf4 Rfc8 27.Rc1 Bc4 28.Qc3  1-0

[Event "Chigorin Mem Open"]
[Site "St Petersburg RUS"]
[Date "2001.10.31"]
[Round "6"]
[White "Vitiugov,N"]
[Black "Potkin,V"]
[Result "1-0"]
[WhiteElo "2382"]
[BlackElo "2483"]

1.d4 d5 2.c4 e6 3.Nc3 c6 4.e3 Nf6 5.Nf3 Nbd7 6.Bd3 dxc4 7.Bxc4 b5 8.Be2 b4
9.Na4 Be7 10.O-O O-O 11.Qc2 Bb7 12.Bd2 a5 13.e4 c5 14.e5 Be4 15.Bd3 Bxd3
16.Qxd3 Nd5 17.Nxc5 Nxc5 18.dxc5 Bxc5 19.Ng5 g6 20.Qh3 h5 21.Rad1 Kg7 22.Ne4 Be7
23.Qg3 Rc8 24.Rc1 h4 25.Qf3 Rxc1 26.Rxc1 Qb8 27.Bf4 Rc8 28.Rd1 Rc4 29.b3 Rc2
30.Nf6 Nc3 31.Re1 Qd8 32.h3 Ne2+ 33.Rxe2 Qd1+ 34.Kh2 Qxe2 35.Qa8 Bxf6 36.exf6+ Kxf6
37.Qd8+ Kg7 38.Qd4+ Kh7 39.Qf6 Qe4 40.Qxf7+ Kh8 41.Qf8+ Kh7 42.Qf7+ Kh8 43.Qf8+ Kh7
44.Qf7+ Kh8 45.Qf6+  1-0

[Event "TCh-AUT 2001-2"]
[Site "Moerbisch AUT"]
[Date "2001.11.01"]
[Round "2"]
[White "Muse,M"]
[Black "Wach,M"]
[Result "1/2-1/2"]
[WhiteElo "2487"]
[BlackElo "2386"]

1.d4 d5 2.c4 c6 3.Nf3 Nf6 4.Nc3 e6 5.e3 Nbd7 6.Qc2 Bd6 7.b3 O-O 8.Be2 Re8
9.O-O dxc4 10.bxc4 e5 11.Rd1 Qe7 12.a4 e4 13.Nd2 Nf8 14.c5 Bb8 15.Ba3 Ng6
16.Nc4 Ng4 17.g3 Nxh2 18.Qxe4 Qxe4 19.Nxe4 Rxe4 20.Kxh2 Re8 21.Bf3 Nh4 22.Be2 Bf5
23.Kg1 Ng6 24.Na5 Bc7 25.Nxb7 Bc2 26.Rdc1 Bxa4 27.Bb4 Bb3 28.Ra3 Bd5 29.Rca1 h6
30.Nd6 Reb8 31.Ba5 Rb2 32.Bxc7 Rxe2 33.e4 Be6 34.f4 Bg4 35.Nc4 Rxe4 36.Ne3 Bd7
37.Kf2 Rae8 38.Rd1 Ne7 39.Nc4 Nd5 40.Be5 f6 41.Nd6 fxe5 42.Nxe4 exf4 43.Nd6 Rb8
44.gxf4 Nxf4 45.Rxa7 Bg4 46.Rda1 Rb3 47.R7a3 Nh3+ 48.Kg2 Rb2+ 49.Kg3 h5 50.Re1 Rd2
51.Re7 Rxd4 52.Ra8+ Kh7 53.Raa7 Rd3+ 54.Kh4 Nf4 55.Rxg7+ Kh6 56.Rh7+ Kg6
57.Rag7+ Kf6 58.Rf7+ Kg6  1/2-1/2

[Event "WYG16"]
[Site "Oropesa del Mar ESP"]
[Date "2001.11.01"]
[Round "10"]
[White "Le Thanh Tu"]
[Black "Novikova,A"]
[Result "1-0"]
[WhiteElo "2290"]
[BlackElo "2249"]

1.Nf3 d5 2.d4 e6 3.c4 c6 4.e3 Nf6 5.Nc3 Nbd7 6.Qc2 Bd6 7.b3 O-O 8.Be2 e5
9.cxd5 cxd5 10.Nb5 Bb8 11.dxe5 Nxe5 12.Nbd4 Bg4 13.Bb2 Bd6 14.O-O Rc8 15.Qd1 Qe7
16.Nb5 Bxf3 17.Nxd6 Qxd6 18.Bxf3 Nxf3+ 19.Qxf3 Rc2 20.Bxf6 Qxf6 21.Qxd5 Rxf2
22.Qxb7 Qb2 23.a4 a5 24.Rad1 Rxf1+ 25.Rxf1 Qc3 26.e4 h5 27.Qd5 g6 28.h3 h4
29.e5 Qe3+ 30.Kh1 Qe2 31.Rf3 Qe1+ 32.Kh2 Kg7 33.Qd6 Re8 34.Qf6+ Kh6 35.Qf4+ Kh5
36.Re3 Qb4 37.Qxf7 Rf8 38.Qc4 Qxc4 39.bxc4 Kg5 40.e6 Re8 41.e7 Kf6 42.g3 g5
43.gxh4 gxh4 44.Kg2 Rxe7 45.Rxe7 Kxe7 46.Kf3 Kd6 47.Kg4 Kc5  1-0

[Event "TCh-AUT 2001-2"]
[Site "Moerbisch AUT"]
[Date "2001.11.03"]
[Round "4"]
[White "Pilaj,H"]
[Black "Opl,K"]
[Result "1-0"]
[WhiteElo "2318"]
[BlackElo "2263"]

1.d4 Nf6 2.c4 e6 3.Nf3 d5 4.Nc3 c6 5.e3 Nbd7 6.Qc2 Bd6 7.Bd3 O-O 8.O-O Re8
9.e4 e5 10.cxd5 cxd5 11.Nxd5 Nxd5 12.exd5 exd4 13.Bxh7+ Kh8 14.Bf5 Ne5 15.Ng5 g6
16.Bxc8 Rxc8 17.Qe4 Kg7 18.Qxd4 Rc4 19.Qd1 Rh8 20.h3 Rh5 21.b3 Rch4 22.f4 Bc5+
23.Kh1 Qd7 24.fxe5 Rxg5 25.Rxf7+ Qxf7 26.Bxg5 Rd4 27.Bf6+ Kh7 28.Qf3 Rxd5
29.Re1 Qe8 30.Qxd5  1-0

[Event "EuTCh"]
[Site "Leon ESP"]
[Date "2001.11.06"]
[Round "1"]
[White "Ivanisevic,I"]
[Black "Bryson,D"]
[Result "1-0"]
[WhiteElo "2547"]
[BlackElo "2384"]

1.d4 d5 2.c4 e6 3.Nc3 c6 4.e3 Nf6 5.Nf3 Nbd7 6.Qc2 Bd6 7.Bd3 O-O 8.O-O dxc4
9.Bxc4 e5 10.Bd2 Qe7 11.Rae1 e4 12.Ng5 Nb6 13.Bb3 Bxh2+ 14.Kxh2 Ng4+ 15.Kg1 Qxg5
16.Qxe4 Bf5 17.Qf3 Bd3 18.Ne2 Qh4 19.Qh3 Qxh3 20.gxh3 Nf6 21.f3 Rfe8 22.Kf2 Rad8
23.Rg1 Bc4 24.Bc2 c5 25.Ba5 cxd4 26.Nxd4 Be6 27.Nxe6 fxe6 28.Bb3 Kf7 29.Rg5 Rc8
30.Rb5 Rc6 31.Rd1 Re7 32.Rd4 Nc8 33.Bd8 Nd6 34.Ra5 Rd7 35.Bxf6 Kxf6 36.Rxa7 e5
37.Rd5 Rdc7 38.Ra8 e4 39.Rf8+ Ke7 40.Rg8 Kf6 41.Rf8+ Kg6 42.f4 Kh6 43.Re5 g6
44.Rf6 Kg7 45.Rfe6 Kf8 46.Rd5 Nf5 47.Rxc6 Rxc6 48.Rd7 Rc1 49.Rxb7 Rh1 50.Bd5 Rh2+
51.Kg1 Rxh3 52.Bxe4 Nd6 53.Rb8+ Ke7 54.Bc6 Rxe3 55.Kf2 Rd3 56.Ke2 Rd4 57.a4 Rc4
58.Rb6 Nc8 59.Rb7+ Kd6 60.Bd7 Ne7 61.a5 Rc1 62.Ba4 Rc8 63.b4 Nd5 64.Bb3 Nxf4+
65.Ke3 g5 66.Ke4 Rc3 67.Bg8 h5 68.a6 Ra3 69.b5 Nd3 70.Kd4  1-0

[Event "EuTCh"]
[Site "Leon ESP"]
[Date "2001.11.07"]
[Round "2"]
[White "Mohr,G"]
[Black "Hector,J"]
[Result "1/2-1/2"]
[WhiteElo "2498"]
[BlackElo "2528"]

1.d4 d5 2.c4 c6 3.Nc3 Nf6 4.e3 e6 5.Nf3 Nbd7 6.Qc2 Bd6 7.Be2 O-O 8.O-O e5
9.cxd5 cxd5 10.Nb5 Bb8 11.dxe5 Nxe5 12.b3 Bg4 13.Nbd4 Qd6 14.g3 Rc8 15.Qd1 Bh3
16.Re1 Ne4 17.Nxe5 Qxe5 18.Bg4 Bxg4 19.Qxg4 Bd6 20.Bb2 h5 21.Qe2 Qg5 22.Rac1 a6
23.Kg2 Bb4 24.Red1 Bc3 25.Rc2 Bxb2 26.Rxc8+ Rxc8 27.Qxb2 Qf6 28.h4 b5 29.a3 Rc7
30.f3 Nc5 31.Qd2 Ne6 32.Rc1  1/2-1/2

[Event "EuTCh"]
[Site "Leon ESP"]
[Date "2001.11.09"]
[Round "4"]
[White "Pinheiro,J"]
[Black "Thorfinnsson,Br"]
[Result "0-1"]
[WhiteElo "2339"]
[BlackElo "2393"]

1.Nf3 d5 2.d4 Nf6 3.c4 e6 4.Nc3 c6 5.e3 a6 6.Bd3 dxc4 7.Bxc4 b5 8.Bd3 Bb7
9.a4 b4 10.Ne4 Nbd7 11.Nxf6+ Nxf6 12.O-O c5 13.dxc5 Bxc5 14.Qe2 Qd5 15.Rd1 Qh5
16.h3 Rd8 17.b3 e5 18.Bb2 e4 19.Bxa6 Rxd1+ 20.Rxd1 Bxa6 21.Bxf6 O-O 22.Qxa6 exf3
23.Rd4 Bxd4 24.Bxd4 Qg5 25.g4 Qh4 26.Qf1 h5 27.gxh5 Rc8 28.a5 Qg5+ 29.Kh1 Rc1  0-1

[Event "EuTCh"]
[Site "Leon ESP"]
[Date "2001.11.09"]
[Round "4"]
[White "Huebner,R"]
[Black "Piket,Je"]
[Result "1/2-1/2"]
[WhiteElo "2612"]
[BlackElo "2649"]

1.d4 d5 2.c4 c6 3.Nc3 Nf6 4.Nf3 e6 5.e3 Nbd7 6.Bd3 dxc4 7.Bxc4 b5 8.Be2 a6
9.O-O Bb7 10.e4 c5 11.e5 Nd5 12.Ne4 h6 13.a4 Qb6 14.axb5 axb5 15.Rxa8+ Bxa8
16.dxc5 Nxc5 17.Qd4 Nxe4 18.Qxe4 Bc5 19.Qg4 g6 20.Bd2 b4 21.Qc4 Kf8 22.Qa6 Kg7  1/2-1/2

[Event "EuTCh"]
[Site "Leon ESP"]
[Date "2001.11.10"]
[Round "5"]
[White "Timoscenko,G"]
[Black "Volkmann,F"]
[Result "1-0"]
[WhiteElo "2519"]
[BlackElo "2414"]

1.d4 d5 2.c4 c6 3.Nf3 Nf6 4.Nc3 e6 5.e3 Nbd7 6.Qc2 Bd6 7.Bd3 e5 8.cxd5 cxd5
9.Nb5 Bb8 10.dxe5 Nxe5 11.Nxe5 Bxe5 12.Bd2 O-O 13.Bc3 Bb8 14.Bd4 a6 15.Nc3 Be6
16.O-O Ng4 17.g3 h5 18.Rad1 Bd6 19.e4 Rc8 20.exd5 Bxd5 21.Bh7+ Kh8 22.Bf5 Nxh2
23.Bxg7+ Kxg7 24.Rxd5 Nxf1 25.Bxc8 Nxg3 26.Bh3 Qh4 27.Rxd6 Qxh3 28.fxg3 Re8
29.Qf2 h4 30.Ne4 Kf8 31.Qf4 hxg3 32.Rh6 Rxe4 33.Qd6+  1-0

[Event "EuTCh"]
[Site "Leon ESP"]
[Date "2001.11.11"]
[Round "6"]
[White "Milov,V"]
[Black "Bacrot,E"]
[Result "1/2-1/2"]
[WhiteElo "2602"]
[BlackElo "2653"]

1.d4 d5 2.c4 c6 3.Nc3 Nf6 4.e3 e6 5.Nf3 Nbd7 6.Bd3 dxc4 7.Bxc4 b5 8.Bd3 a6
9.e4 c5 10.e5 cxd4 11.Nxb5 Nxe5 12.Nxe5 axb5 13.Bxb5+ Bd7 14.Nxd7 Qa5+ 15.Bd2 Qxb5
16.Nxf8 Kxf8 17.a4 Qxb2 18.O-O Ne4 19.Qf3 f5 20.Bf4 Qc3 21.Qh5 d3 22.Rac1 Qf6
23.Rc7 Qg6 24.Qf3 Rd8 25.Rd1 d2 26.Be5 Nf6 27.a5 h6 28.Qb3 Nh5 29.a6 f4 30.f3 Kg8
31.a7 Kh7 32.Rb7 Rd3 33.Qb2 Rc8 34.Rb8 Rc1 35.Rh8+ Kxh8 36.a8=Q+ Kh7 37.Rxc1 d1=Q+
38.Rxd1 Rxd1+ 39.Kf2 Ng3 40.Qa6 Nh1+ 41.Ke2 Rg1 42.Qd3 Rxg2+ 43.Kf1 Rg1+
44.Ke2 Re1+ 45.Kxe1 Qxd3 46.Qe2 Qb1+ 47.Qd1 Qxd1+ 48.Kxd1 Nf2+ 49.Ke2 Nh3
50.Kf1 Kg6 51.Kg2 Ng5 52.Bxf4 Kf5 53.Bc1 e5 54.Kg3 Ne6 55.Bd2 Nd4 56.Bb4 h5
57.Ba5 g6 58.Bb4 Ke6 59.Ba5 Kd5 60.Kf2 Nc6 61.Bb6 Ne7 62.Bd8 Nf5 63.Ke2 Nd4+
64.Ke3 Nf5+ 65.Ke2 Ke6 66.Kd3 Nd6 67.Ke3 Kf5 68.Kf2 Kf4 69.Be7 Nc4 70.Bb4 g5
71.h3 Nb6 72.Bd2+ Kf5 73.Ba5 Nd5 74.Kg3 Nf4 75.Bd8 h4+ 76.Kh2 Ne6 77.Bb6 Kf4
78.Kg2 Nd4 79.Kf2 Nxf3 80.Be3+ Ke4 81.Bc1 Nd4 82.Bxg5 Nf5 83.Ke2 Kd4 84.Kf3 e4+
85.Kg4 Ke5 86.Bf4+ Ke6 87.Bc1  1/2-1/2

[Event "VI It"]
[Site "Montecatini Terme ITA"]
[Date "2001.11.11"]
[Round "11"]
[White "Brancaleoni,M"]
[Black "Mrdja,M"]
[Result "1/2-1/2"]
[WhiteElo "2196"]
[BlackElo "2380"]

1.d4 d5 2.Nf3 Nf6 3.c4 e6 4.Nc3 c6 5.e3 Nbd7 6.Bd3 Be7 7.O-O O-O 8.Qc2 b6
9.e4 dxe4 10.Nxe4 Bb7 11.Bf4 Nxe4 12.Bxe4 Nf6 13.Bd3 c5  1/2-1/2

[Event "EuTChw"]
[Site "Leon ESP"]
[Date "2001.11.13"]
[Round "7"]
[White "Zhukova,N"]
[Black "Peng Zhaoqin"]
[Result "1-0"]
[WhiteElo "2441"]
[BlackElo "2443"]

1.d4 d5 2.c4 c6 3.Nc3 Nf6 4.e3 e6 5.Nf3 Nbd7 6.Bd3 Bd6 7.e4 dxe4 8.Nxe4 Nxe4
9.Bxe4 h6 10.O-O O-O 11.Bc2 e5 12.b4 Re8 13.c5 Bc7 14.Re1 a5 15.b5 cxb5 16.Qd3 e4
17.Rxe4 Rxe4 18.Qxe4 Nf6 19.Qd3 b4 20.a3 bxa3 21.Bxa3 Be6 22.Re1 Qd5 23.Rb1 Rd8
24.Bb3 Bf5 25.Qf1 Qc6 26.Re1 Nd5 27.Qc4 Qg6 28.g3 Bd3 29.Qxd5 Rxd5 30.Bxd5 Bb5
31.Bxb7 Qd3 32.Bc1 a4 33.Be4 Qc4 34.Rd1 Ba5 35.Ne5 Qe2 36.Bf3 Qc2 37.c6 f6
38.Ng4 Qc3 39.Ne3 a3 40.Bd2 Qb2 41.Bxa5 a2 42.c7 Ba6 43.Bd5+ Kh7 44.Bxa2 Qxa2
45.Be1 f5 46.d5 Bc8 47.Bc3 f4 48.gxf4 Qa4 49.Be5 Qe4 50.h3 Bxh3 51.f5 Bxf5
52.Nxf5 Qxf5 53.Bg3  1-0

[Event "EuTCh"]
[Site "Leon ESP"]
[Date "2001.11.14"]
[Round "8"]
[White "Brittner,S"]
[Black "Muir,A"]
[Result "1-0"]
[WhiteElo "2202"]
[BlackElo "2313"]

1.d4 d5 2.c4 e6 3.Nc3 c6 4.e3 Nf6 5.Nf3 Nbd7 6.Bd3 dxc4 7.Bxc4 b5 8.Bd3 Bb7
9.e4 b4 10.Na4 c5 11.e5 Nd5 12.O-O cxd4 13.Re1 g6 14.Bg5 Qa5 15.Nd2 Ba6 16.Nc4 Bxc4
17.Bxc4 Bg7 18.Qxd4 Qxa4 19.Bxd5 exd5 20.Qxd5 Nb6 21.Qd6 Qd7 22.Qxb4 Bf8
23.Qc3 Qc8 24.Qf3 Bg7 25.e6 O-O 26.Rac1 Qa6 27.e7 Rfe8 28.Rcd1 Qxa2 29.Rd8 Qa4
30.b3 Qb5 31.Red1 f6 32.Be3 Qxb3 33.Bxb6 Qxf3 34.gxf3 axb6 35.Rxa8 Kf7 36.Rxe8 Kxe8
37.Re1 f5 38.Re6 Bd4 39.Kf1 f4 40.Kg2 Bc5 41.Kh3 Bxf2 42.Kg4 Bc5 43.Kxf4 b5
44.Ke5 b4 45.Rc6 Bxe7 46.Ke6 Kd8 47.h3 Bh4 48.Rb6 Be1 49.Kd6 Ke8 50.Rb7 Bc3
51.Rxh7 b3 52.Rb7 b2 53.Ke6 Kf8 54.f4 Kg8 55.h4 Kh8 56.h5 gxh5 57.Kf5 Kg8
58.Kg6 Kf8 59.Kxh5 Ke8 60.Kg6 Kd8 61.f5 Ke8 62.f6 Be5 63.Kf5 Bc3 64.Ke6 Kd8
65.f7 Bg7 66.Rxb2  1-0

[Event "EuTCh"]
[Site "Leon ESP"]
[Date "2001.11.15"]
[Round "9"]
[White "Thorfinnsson,Br"]
[Black "Timoscenko,G"]
[Result "0-1"]
[WhiteElo "2393"]
[BlackElo "2519"]

1.d4 d5 2.Nf3 Nf6 3.c4 c6 4.Nc3 e6 5.e3 Nbd7 6.Qc2 Bd6 7.e4 Nxe4 8.Nxe4 dxe4
9.Qxe4 e5 10.Bd3 Qe7 11.O-O exd4 12.Qxd4 Ne5 13.Nxe5 Bxe5 14.Qe4 Bf6 15.Qxe7+ Bxe7
16.Re1 Be6 17.Bf4 O-O 18.Rad1 Rfd8 19.Bc7 Re8 20.Kf1 Bb4 21.Re2 Rac8 22.Bf4 Rcd8
23.a3 Be7 24.Rc2 b5 25.Be3 Bxc4 26.Rcd2 Rxd3 27.Rxd3 Rd8 28.Ke2 a5 29.Bb6 Rxd3
30.Rxd3 a4 31.Ke3 Bxd3 32.Kxd3 f5 33.Kd4 Bf6+ 34.Kc5 Bxb2 35.Kxc6 b4  0-1

[Event "TCh-CZE 2001-2"]
[Site "CZE"]
[Date "2001.11.18"]
[Round "3"]
[White "Fajman,P"]
[Black "Talla,V"]
[Result "1/2-1/2"]
[WhiteElo "2294"]
[BlackElo "2398"]

1.d4 d5 2.c4 c6 3.Nf3 e6 4.Nc3 Nf6 5.e3 Nbd7 6.Bd3 dxc4 7.Bxc4 b5 8.Bd3 a6
9.O-O Bb7 10.a4 b4 11.Ne2 c5 12.Ng3 Be7 13.Qe2 cxd4 14.exd4 Bxf3 15.Qxf3 O-O
16.Rd1 Nd5 17.a5 N7f6 18.Nf1 Qd7 19.Nd2 Rfc8 20.Nc4 Bd8 21.Bg5 Rab8 22.Qe2 Ra8
23.Qf3 Rab8 24.Qe2 Ra8  1/2-1/2

[Event "ch-Balkan"]
[Site "Istanbul TUR"]
[Date "2001.11.22"]
[Round "5"]
[White "Rama,L"]
[Black "Haznedaroglu,K"]
[Result "0-1"]
[WhiteElo "2311"]
[BlackElo "2328"]

1.d4 d5 2.c4 c6 3.Nf3 Nf6 4.e3 e6 5.Nc3 Bd6 6.Bd3 O-O 7.O-O Nbd7 8.e4 dxc4
9.Bxc4 e5 10.h3 Qe7 11.Bg5 h6 12.Bh4 exd4 13.Qxd4 Ne5 14.Nxe5 Bxe5 15.Qe3 Be6
16.Bxe6 Qxe6 17.Rad1 Rfe8 18.Rfe1 Qc4 19.f3 Nh5 20.Qd3 Qb4 21.Qc2 Re6 22.a3 Qa5
23.Bf2 Rg6 24.Nd5 cxd5 25.Rxd5 Rxg2+ 26.Kf1 Rxf2+ 27.Qxf2 Qa6+ 28.Kg1 Bg3
29.Qf1 Qb6+  0-1

[Event "Bundesliga 2001-2"]
[Site "Erfurt GER"]
[Date "2001.11.23"]
[Round "5"]
[White "Schaller,S"]
[Black "Mueller,Matt"]
[Result "0-1"]
[WhiteElo "2301"]
[BlackElo "2402"]

1.Nf3 d5 2.c4 e6 3.d4 c6 4.e3 Nf6 5.Nc3 Nbd7 6.Qc2 Bd6 7.Bd2 O-O 8.Bd3 dxc4
9.Bxc4 b5 10.Bd3 Bb7 11.Ne4 Nxe4 12.Bxe4 Nf6 13.Bd3 c5 14.dxc5 Bxc5 15.Bc3 Rc8
16.Ng5 h6 17.h4 Bb4 18.Bh7+ Kh8 19.Bxb4 Rxc2 20.Bxc2 Qc7 21.Bxf8 Qxc2 22.Nf3 Kg8
23.Be7 Ng4 24.Nd2 Qc7 25.Ba3 Bxg2 26.Rg1 Qh2 27.Ke2 f5 28.Bd6 Bf3+ 29.Nxf3 Qxf2+
30.Kd3 Qxe3+ 31.Kc2 Qxf3 32.Bc5 Qe2+ 33.Kb3 Qc4+ 34.Ka3 Qa4+  0-1

[Event "Open A"]
[Site "Genova ITA"]
[Date "2001.11.23"]
[Round "6"]
[White "Georgiev,Vl"]
[Black "Laketic,G"]
[Result "1/2-1/2"]
[WhiteElo "2564"]
[BlackElo "2452"]

1.d4 d5 2.c4 c6 3.e3 Nf6 4.Nc3 e6 5.Nf3 Nbd7 6.Bd3 Bb4 7.O-O O-O 8.Qe2 b6
9.Bd2 dxc4 10.Bxc4 c5 11.dxc5 Bxc5 12.e4 Bb7 13.Bg5 Qb8 14.Rad1 Bb4 15.Bb5 Bxc3
16.Bxd7 Be5 17.Bb5 h6 18.Nxe5 hxg5 19.Nd7 Nxd7 20.Rxd7 a6 21.Ba4 b5 22.Bc2 Bc6
23.Rd3 Qe5 24.Rh3 g6 25.Rg3  1/2-1/2

[Event "4NCL"]
[Site "Birmingham ENG"]
[Date "2001.11.24"]
[Round "3"]
[White "Cobb,C"]
[Black "Eames,R"]
[Result "1/2-1/2"]
[WhiteElo "2310"]
[BlackElo "2333"]

1.c4 e6 2.Nf3 d5 3.d4 Nf6 4.Nc3 c6 5.e3 Nbd7 6.Qc2 Bd6 7.Be2 O-O 8.b3 e5
9.cxd5 cxd5 10.dxe5 Nxe5 11.Bb2 Bg4 12.Nxe5 Bxe5 13.Bxg4 Nxg4 14.h3 Qh4 15.O-O Rac8
16.Qd2 Nh2 17.Rfd1 Nf3+ 18.gxf3 Qxh3 19.f4 d4 20.Nd5 dxe3 21.Qxe3 Qxe3 22.fxe3 Bxb2
23.Rab1 Rc2 24.Nb4 Re2 25.Kf1 Rh2 26.Kg1 Re2  1/2-1/2